European Countries That Nazis Took Over - Statistics

General Stats
  • This quiz has been taken 40 times
  • The average score is 13 of 15
Answer Stats
Hint Answer % Correct
1942 France
100%
1940 France
100%
1940 Belgium
97%
1939 Poland
97%
1938 Austria
94%
1943 Italy
91%
1940 Netherlands
91%
1940 Norway
85%
1940 Denmark
82%
1944 Hungary
82%
1940 Luxembourg
82%
1941 Greece
79%
1938/1939 Czechoslovakia
71%
1941 Soviet Union
62%
1941 Yugoslavia
59%
No matching quizzes found
Score Distribution
Percent of People with Each Score
Percentile by Number Answered
Your Score History
You have not taken this quiz